SAAC Co-operation: (Record no. 515501)

000 -LEADER
fixed length control field 00349nam a22001097a 4500
082 ## - DEWEY DECIMAL CLASSIFICATION NUMBER
Classification number TNC Dx5 An55
100 ## - MAIN ENTRY--PERSONAL NAME
Personal name Anisuzzaman (ed.)
9 (RLIN) 21104
245 ## - TITLE STATEMENT
Title SAAC Co-operation:
Remainder of title A people's perspective
Statement of responsibility, etc edited by Anisuzzaman
260 ## - PUBLICATION, DISTRIBUTION, ETC. (IMPRINT)
Place of publication, distribution, etc KaKrail
Name of publisher, distributor, etc AAPSO
Date of publication, distribution, etc 1993
300 ## - PHYSICAL DESCRIPTION
Extent 192p.
650 ## - SUBJECT ADDED ENTRY--TOPICAL TERM
Topical term or geographic name as entry element South Asian association for regional cooperation (SAARC)
9 (RLIN) 23419
Holdings
Withdrawn status Lost status Source of classification or shelving scheme Damaged status Koha normalized classification for sorting Not for loan Permanent location Current location Date acquired Full call number Barcode Date last seen Price effective from Koha item type
        TNC_DX5_AN55   Indian Institute of Public Administration Indian Institute of Public Administration 2021-01-29 TNC Dx5 an55 GR22662 2021-01-29 2021-01-29 GR

Powered by Koha